Economic development of rural household in and snoul district, kandal province, ការអភិវឌ្ឆន័សេដ្ឋកិច្ចគ្រួសារជនបទក្នុងស្រុកអង្គស្នូល ខេត្តកណ្តាល (Record no. 4317)

000 -LEADER
fixed length control field 00631nam a22001577a 4500
003 - CONTROL NUMBER IDENTIFIER
control field OSt
005 - DATE AND TIME OF LATEST TRANSACTION
control field 20151210094708.0
008 - FIXED-LENGTH DATA ELEMENTS--GENERAL INFORMATION
fixed length control field 151210b xxu||||| |||| 00| 0 eng d
040 ## - CATALOGING SOURCE
Transcribing agency RUA
082 ## - DEWEY DECIMAL CLASSIFICATION NUMBER
Classification number ATM CHA 2004 B205 Or.1
100 ## - MAIN ENTRY--PERSONAL NAME
9 (RLIN) 4634
Personal name CHAP, MOCH
245 ## - TITLE STATEMENT
Title Economic development of rural household in and snoul district, kandal province, ការអភិវឌ្ឆន័សេដ្ឋកិច្ចគ្រួសារជនបទក្នុងស្រុកអង្គស្នូល ខេត្តកណ្តាល
260 ## - PUBLICATION, DISTRIBUTION, ETC. (IMPRINT)
Place of publication, distribution, etc. Phnom Penh
Name of publisher, distributor, etc. RUA
Date of publication, distribution, etc. 2004
300 ## - PHYSICAL DESCRIPTION
Extent ix, 55p.
Other physical details ill.
Dimensions 29cm.
942 ## - ADDED ENTRY ELEMENTS (KOHA)
Source of classification or shelving scheme
Koha item type ATM
Holdings
Price effective from Date last seen Permanent Location Not for loan Date acquired Source of classification or shelving scheme Koha item type Barcode Lost status Damaged status Withdrawn status Current Location Full call number
2015-12-102015-12-10Library Block B 2015-12-10 ATMRUA046762   Library Block BATM CHA 2004 B205 Or.1
2015-12-102015-12-10Library Block B 2015-12-10 ATMRUA033715   Library Block BATM CHA 2004 B205 Or.2
2015-12-102015-12-10Library Block B 2015-12-10 ATMRUA033521   Library Block BATM CHA 2004 B205 Or.3
2015-12-102015-12-10Library Block B 2015-12-10 ATMRUA033425   Library Block BATM CHA 2004 B205 Or.4
2015-12-102015-12-10Library Block B 2015-12-10 ATMRUA016958   Library Block BATM CHA 2004 B205 Or.5
2015-12-102015-12-10Library Block B 2015-12-10 ATMRUA016886   Library Block BATM CHA 2004 B205 Or.6
2015-12-102015-12-10Library Block B 2015-12-10 ATMRUA016744   Library Block BATM CHA 2004 B205 Or.7
2015-12-102015-12-10Library Block B 2015-12-10 ATMRUA016672   Library Block BATM CHA 2004 B205 Or.8
2015-12-102015-12-10Library Block B 2015-12-10 ATMRUA016742   Library Block BATM CHA 2004 B205 Or.9
មជ្ឈមណ្ឌលឯការនៃសាកលវិទ្យាល័យភូមិន្ទកសិកម្មចំការដូង

Powered by Koha